| 000 | 01842nam a2200325 a 4500 | ||
|---|---|---|---|
| 001 | BRCA_3077 | ||
| 005 | 20190320204111.0 | ||
| 008 | 270109s1824----fr-a---###---#000-0#fre-u | ||
| 041 | _afre | ||
| 044 | _afr | ||
| 084 |
_a384 _b.D456 _c1824 |
||
| 100 | 1 |
_aCervantes Saavedra, Miguel de _d1547-1616 _9213 |
|
| 245 | 1 | 0 |
_aHistoire de L´Admirable Don Quichotte de la Manche _cMiguel de Cervantes Saavedra. |
| 260 |
_aParís _bDelongchamps _c1824 |
||
| 300 |
_a10 v. _bil. _c14 cm. |
||
| 500 | _aContenido : v 1. Primera parte. Retrato de Cervantes por Choquet. Texto. -- v 2. Texto. -- v 3. Texto. -- v 4. Segunda parte. Texto. -- v 5. Texto. -- v 6. Texto. -- v 7. Texto. Primera parte de la continuación del Quijote por el traductor. Texto. -- v 8. Texto. Segunda parte de la continuación del Quijote por el traductor. Texto. -- v 9. Texto. -- v 10. Texto | ||
| 500 | _aEdición : Traduite de l´Espagnol de Michel de Ceevantes par Filleau de Saint-Martin | ||
| 500 | _aEdición de surtido, bien impresa en buen papel y tipo de letra claro. Va adornada con varias láminas de mediana calidad, dibujada por Choquet. Aparece en él un Cervantes muy joven, con el no tiene nada de europeo y sí mucho de africano. Piel; lomos adornados con dorados Lúdovik Osterc | ||
| 500 | _aEstado físico : El volumen tres de esta edición presenta el lomo desprendido | ||
| 500 | _aQM305 | ||
| 546 | _aTexto en : francés | ||
| 650 | 1 | 4 |
_aNovela española _yÉpoca clásica, 1500-1700 _9215 |
| 650 | 1 | 4 |
_aLiteratura española _yÉpoca clásica, 1500-1700 _9216 |
| 650 | 1 | 4 |
_aNovela española _ySiglo XVII _9217 |
| 650 | 1 | 4 |
_aDon Quijote (Personaje ficticio) _eNovela _9218 |
| 700 | 1 |
_aSaint-Martin, Francois Filleau de _d1632-1695 _eTraductor _98407 |
|
| 740 | 0 | _aEl Ingenioso Hidalgo Don Quijote de la Mancha | |
| 902 | _aQFM | ||
| 942 |
_2lcc _cB |
||
| 999 |
_c2813 _d2813 |
||